| 000 | 00426nam a22001577a 4500 | ||
|---|---|---|---|
| 999 |
_c5816 _d5814 |
||
| 005 | 20210828133917.0 | ||
| 008 | 190405b xxu||||| |||| 00| 0 eng d | ||
| 020 | _a978-81-85790-99-2 | ||
| 041 | _aeng | ||
| 100 |
_aPARADKAR, DR. ANANT A. _94940 |
||
| 245 | _aHOSPITAL PHARMACY FOR DIPLOMA AND DEGREE STUDENTS IN PHARMACY | ||
| 260 |
_aPUNE _bNIRALI PRAKASHAN |
||
| 300 | _a22.11p, | ||
| 650 |
_aPHARMACY _96815 |
||
| 942 | _cBK | ||